000 00645nam a2200181Ia 4500
008 100921s9999 xx 000 0 und d
082 _b43988
_a891.461 न 09
100 _aदेशपांडे वामन.
245 _aनिवडक बालकवी.
260 _bमनोरमा प्रकाशन,मुंबई.
_c2009
300 _a64
_bअक्षरधारा प्रदर्शन.
365 _b60
520 _aललित-काव्य.
630 _aनिवडक बालकवी.
650 _aललित-काव्य.
730 _aनिवडक बालकवी.
942 _cBOOK
999 _c793101
_d793098